Ústav jazykov v rokoch 2001 -2006

Hodnotenie práce riaditeľky Ústavu jazykov na Ekonomickej univerzite v Bratislave v čase jej pôsobenia vo funkcii. Aktivity Ústavu jazykov týkajúce sa študentov a letných škôl. Význam medziodborového štúdia pre doktorandov.

Salvato in:
Dettagli Bibliografici
Autore principale: Lišková, Danuša
Natura: Capitolo di libro
Lingua:slovacco
Soggetti:
Tags: Aggiungi Tag
Nessun Tag, puoi essere il primo ad aggiungerne!!

MARC

LEADER 00000nla$a2200000$$$4500
001 0130404
005 20240502072508.3
041 0 |a slo 
044 |a SK 
245 1 0 |a Ústav jazykov v rokoch 2001 -2006  |c Danuša Lišková 
520 |a Hodnotenie práce riaditeľky Ústavu jazykov na Ekonomickej univerzite v Bratislave v čase jej pôsobenia vo funkcii. Aktivity Ústavu jazykov týkajúce sa študentov a letných škôl. Význam medziodborového štúdia pre doktorandov. 
610 2 0 |a vzdelávanie vysokoškolské 
610 2 0 |a jazyky cudzie 
610 2 0 |a vyučovanie 
610 2 0 |a študenti 
610 2 0 |a štúdium doktorandské 
100 1 |a Lišková, Danuša